Visualizzazione normale
Vista MARC
- consulenza familiare
di Topical Term
Records bibliografici associati: 1
001 - CONTROL NUMBER
- control field: 59227
003 - CONTROL NUMBER IDENTIFIER
- control field:
005 - DATE AND TIME OF LATEST TRANSACTION
- control field: 20221018143316.0
008 - FIXED-LENGTH DATA ELEMENTS
- fixed length control field: 221018|| aca||aabn | a|a d
040 ## - CATALOGING SOURCE
- Original cataloging agency:
- Transcribing agency:
150 ## - HEADING--TOPICAL TERM
- Topical term or geographic name entry element: consulenza familiare
- Form subdivision: dossier
670 ## - SOURCE DATA FOUND
- Source citation: Work cat.: ()232686: Cupia Luciano 59226, Giornata di studio sulla consulenza con gli adolescenti, 2000